000 00718nam a2200217 a 4500
001 000032311
003 OSt
005 20240412074256.0
008 110714s1939 dr 000 0 spa d
040 _aDO-SdBNP
_bspa
_cBNPHU
082 _aRD861.2
_bM839a
100 1 _aMorel, Emilio
_958333
_d1884-1958
245 1 0 _aArmas dominicanas /
_cEmilio A. Morel.
260 _aCiudad Trujillo, República Dominicana :
_b Montalvo,
_c1939.
300 _a[22] p. ;
_c23 cm.
500 _aPrimer Certamen Literario del Ejército, de 1935 celebra en Ciudad Trujillo, República Dominicana
590 _aInventariado, 2019/VM
650 _aPoesía dominicana
_976597
650 0 _aLiteratura dominicana.
_967
942 _2ddc
_cLF1
999 _c31802
_d31802